000 00281nam a2200109Ia 4500
001 1261191
005 20260417140347.0
008 260417s9999 xx 000 0 und d
020 _a9789754053876
245 0 _aBriç Masasında Cinayet
_cAgatha Christie
260 _bAltın Kitaplar
999 _c1261191
_d1261191